000 00879nam a2200289 a 4500
001 000041210
003 DO-SdBNP
005 20180213131245.0
007 000041210
008 130925s1982 dr a 000 0 spa d
020 _a848952503x
040 _aBPMSU
_bspa
_cBPMSU
092 _axxxxx
_bxxxxx
100 1 _aPagán , Orlando
245 1 0 _aQuímica general :
_bmanual de problemas y ejercicios /
_cOrlando Pagán, Miguel Lajara.
260 _aSanto Domingo, :
_bINTEC,
_c1982
300 _a 76 p. :
_bil. ;
_c23 p.
490 1 _aEducación
_v3
700 1 _aLajara, Miguel
830 0 _aEducación
_n3
930 1 _lBND01
_mLF1
_820150106
_f02
_pHD
_g45904
_he. 3
942 _2ddc
_cBK
945 _ainventariado, 2018 / dg
956 _aWMENDOZA
_b10
_c20130925
_lBND01
_h1615
956 _aBTAVAREZ
_b10
_c20131101
_lBND01
_h1445
956 _aVMATEO
_b10
_c20150727
_lBPMSU
_h00151
999 _c8019
_d8019